A history of the National Library of Medicine : the nation's treasury of medical knowledge /

Bibliographic Details
Main Author: Miles, Wyndham D., 1916-
Corporate Author: National Library of Medicine (U.S.)
Format: Government Document Book
Language:English
Published: Bethesda, Md. : U.S. Dept. of Health and Human Services, Public Health Service, National Institutes of Health, National Library of Medicine ; 1982.
Series:DHHS publication ; no. (NIH) 82-1904.
Subjects:

MARC

Tag First Indicator Second Indicator Subfields
LEADER 00000cam a2200000 a 4500
001 in00000837513
005 20151019055205.0
008 830211s1982 mduac b f00110 eng d
010 |a gp 84017270  
010 |a  82603234  
020 |c $14.00 
035 |a (OCoLC)08890031 
035 |9 AEB0515AM 
037 |a 017-052-00224-4 
039 0 |a 2  |b 3  |c 3  |d 3  |e 3 
040 |a DGPO/DLC  |c DLC  |d GPO  |d UtOrBLW 
043 |a n-us---  |a n-us-md 
050 0 |a Z733.N3  |b M54 1982 
060 0 |a Z 733.N277 M643h 1982 
074 |a 508-D 
082 0 |a 026/.61/0975284  |2 19 
086 0 |a HE 20.3602:H 62 
100 1 |a Miles, Wyndham D.,  |d 1916- 
245 1 2 |a A history of the National Library of Medicine :  |b the nation's treasury of medical knowledge /  |c by Wyndham D. Miles. 
264 1 |a Bethesda, Md. :  |b U.S. Dept. of Health and Human Services, Public Health Service, National Institutes of Health, National Library of Medicine ;  |c 1982. 
264 2 |a Washington, D.C. :  |b For sale by the Supt. of Docs., U.S. G.P.O., 
300 |a viii, 531 pages :  |b illustrations, portraits ;  |c 26 cm. 
336 |a text  |b txt  |2 rdacontent 
337 |a unmediated  |b n  |2 rdamedia 
338 |a volume  |b nc  |2 rdacarrier 
490 1 |a NIH publication ;  |v no. 82-1904 
504 |a Includes bibliographical references and index. 
610 2 0 |a National Library of Medicine (U.S.)  |x History. 
650 0 |a Medical libraries  |z United States  |x History. 
650 2 |a National Library of Medicine (U.S.)  |x history. 
710 2 |a National Library of Medicine (U.S.) 
830 0 |a DHHS publication ;  |v no. (NIH) 82-1904. 
999 |a MARS 
999 f f |s d390d8a1-e151-3264-914d-cf9c4b176826  |i 5a40938d-5f33-31cc-b703-0a791a4f8e69  |t 0 
952 f f |p normal  |a Texas A&M University  |b College Station  |c Sterling C. Evans Library  |d Evans: US Documents (Annex 5th floor)  |t 0  |e HE 20.3602:H 62  |h Superintendent of Documents classification  |i unmediated -- volume  |m A14814633618 
998 f f |a HE 20.3602:H 62  |t 0  |l Evans: US Documents (Annex 5th floor)